000 00371nam a22001577a 4500
003 CEME
005 20210628205445.0
008 210316b xxu||||| |||| 00| 0 eng d
040 _c.
082 _a620.118 INT'M
100 _aMiller, Tara E
_975648
245 _aIntroduction to composites
260 _aCOMPOSITE INSTITUTE
_c9999
300 _a90P
942 _cBK
_2ddc
999 _c581042
_d581042